000 00614nam a2200193Ia 4500
005 20250508163238.0
008 008 250505s9999 xx 000 0 eng d
037 _aDissertations
040 _aFEDL
_beng
_cFEDL
041 _aeng
_2eng
084 _a155.5, JOS/DI
_qFEDL
100 _aJoshi Sunil Kumar
_9774978
245 0 _aStudy of ego-identity of adolescents in relation to their age, caste, academic stream and academic achievement
260 _c1985
300 _a73p.
546 _aM. Ed. Dissertation (Kumaon University)
942 _cDIS
_h155.5, JOS/DI
999 _c1381745
_d1381745